000 02392cam a2200277 4500500
005 20251228050258.0
041 _afre
042 _adc
100 1 0 _aGérard, Gilbert
_eauthor
245 0 0 _aSubstantialité et causalité. L’évolution de la lecture hégélienne de Spinoza
260 _c2019.
500 _a83
520 _aCet article entend montrer de quelle façon la transformation que l’on observe dans l’appréciation hégélienne de Spinoza entre les premiers écrits d’Iéna, entièrement favorables à la cause du philosophe hollandais, et les textes de la maturité, où le jugement à son endroit se fait nettement plus critique, est solidaire d’une modification en profondeur du système. Cette modification est celle qui mène d’une métaphysique de la substance, dont la perspective est essentiellement conforme à la tradition ontologique, à une métaphysique de l’effectivité et de l’acte qui résulte d’une critique de cette même tradition. Elle est envisagée à travers un examen de la manière dont évolue le rapport entre substantialité et causalité dans la pensée hégélienne.
520 _aSubstantiality and Causality. The Evolution of the Hegelian Reading of SpinozaThis article aims to show how the transformation in Hegel’s evaluation of Spinoza between his earliest writings in Jena, which were entirely favorable to the Dutch philosopher, and his mature texts, in which his judgment of the latter is decidedly more critical, corresponds to a profound modification in his system. This modification is that which leads from a metaphysics of substance essentially in conformity with the ontological tradition, to a metaphysics of actuality ( Wirklichkeit) and of act resulting from a critical relationship to this tradition. It is considered here by means of an examination of the way in which the relationship between substantiality and causality evolves in Hegel’s thought.
690 _aEffectivité
690 _aHegel
690 _aIdéalisme allemand
690 _aMétaphysique
690 _aActuality
690 _aGerman Idealism
690 _aHegel
690 _aKeywords
690 _aMetaphysics
786 0 _nArchives de philosophie | 82 | 2 | 2019-04-24 | p. 335-360 | 0003-9632
856 4 1 _uhttps://shs.cairn.info/revue-archives-de-philosophie-2019-2-page-335?lang=fr&redirect-ssocas=7080
999 _c1580326
_d1580326